Fortuny [ (Record no. 86255)
[ view plain ]
| 000 -LEADER | |
|---|---|
| campo de control de longitud fija | 00774nam a2200193 i 4500 |
| 001 - NÚMERO DE CONTROL | |
| campo de control | 86255 |
| 003 - IDENTIFICADOR DE NÚMERO DE CONTROL | |
| campo de control | ES-MaACL |
| 005 - FECHA Y HORA DE LA ÚLTIMA TRANSACCIÓN | |
| campo de control | 20231222202150.0 |
| 007 - CAMPO FIJO DE DESCRIPCIÓN FÍSICA--INFORMACIÓN GENERAL | |
| campo de control de longitud fija | t| |
| 008 - DATOS DE LONGITUD FIJA--INFORMACIÓN GENERAL | |
| campo de control de longitud fija | 041220s2003 sp ||||1| spa d |
| 080 ## - NÚMERO DE LA CLASIFICACIÓN DECIMAL UNIVERSAL | |
| Número de la Clasificación Decimal Universal | 75 Fortuny, Mariano |
| 245 00 - MENCIÓN DEL TÍTULO | |
| Título | Fortuny [ |
| Medio | Recurso electrónico]. |
| 260 ## - PUBLICACIÓN, DISTRIBUCIÓN, ETC. | |
| Lugar de publicación, distribución, etc. | Madrid : |
| Nombre del editor, distribuidor, etc. | Dolmen, |
| Fecha de publicación, distribución, etc. | 2003. |
| 300 ## - DESCRIPCIÓN FÍSICA | |
| Extensión | 1 disco compacto (CD-ROM) : |
| Otras características físicas | son., col. ; |
| Dimensiones | 12 cm. |
| 500 ## - NOTA GENERAL | |
| Nota general | Requisitos del sistema: PC Pentium II a 200 Mhz ; 64 Mb de RAM ; Windows 95 y superior ; Tarjeta gráfica de 4 Mb y monitor (1024 x 768, 16 bits) ; CD-Rom 16x o superior ; Tarjeta de sonido. Compatible con reproductor DVD con lector de VCD. |
| 600 14 - PUNTO DE ACCESO ADICIONAL DE MATERIA--NOMBRE DE PERSONA | |
| Nombre de persona | Fortuny, Mariano, |
| Fechas asociadas al nombre | 1838-1874- |
| Subdivisión de forma | CD-ROM |
| 9 (RLIN) | 51881 |
| 852 ## - LOCALIZACIÓN | |
| Ubicación | ES-MaACL |
| Número de control de estantería | ROT 2/2/14 |
| Estatus retirado | Estado de pérdida | Estado de daño | No para préstamo | Biblioteca de origen | Biblioteca actual | Ubicación en estantería | Fecha de adquisición | Fuente de adquisición | Total de préstamos | Signatura topográfica completa | Código de barras | Visto por última vez | Precio de reemplazo | Tipo de ítem Koha |
|---|---|---|---|---|---|---|---|---|---|---|---|---|---|---|
| Biblioteca del Ateneo de Madrid | Biblioteca del Ateneo de Madrid | Depósito | 17/01/2008 | ROT 2/2/14 | 1090124 | 23/02/2023 | 23/02/2023 | Archivo de ordenador en CD-ROM, CD o disquete |
